Photovoltaics for professionals (Record no. 107027)

MARC details
000 -LEADER
fixed length control field 01075cam a22002535a 4500
001 - CONTROL NUMBER
control field L138149
008 - FIXED-LENGTH DATA ELEMENTS--GENERAL INFORMATION
fixed length control field 070518s2007 xxkaeo f 001 0 eng d
020 ## - INTERNATIONAL STANDARD BOOK NUMBER
International Standard Book Number 1844074617
-- 9781844074617
035 ## - SYSTEM CONTROL NUMBER
System control number (Sirsi) u138149
041 0# - LANGUAGE CODE
Language code of text/sound track or separate title eng
050 04 - LIBRARY OF CONGRESS CALL NUMBER
Classification number 696.9 $2 18
100 1# - MAIN ENTRY--PERSONAL NAME
Personal name Falk, Antony
245 00 - TITLE STATEMENT
Title Photovoltaics for professionals
Remainder of title solar electric systems
-- marketing, design and installation
260 ## - PUBLICATION, DISTRIBUTION, ETC.
Place of publication, distribution, etc. London
Name of publisher, distributor, etc. Earthscan Publications Ltd
Date of publication, distribution, etc. 2007
300 ## - PHYSICAL DESCRIPTION
Extent 215p.
Other physical details ill.
Dimensions 24cm.
350 ## - PRICE (NR) (BK AM CF MU VM SE) [OBSOLETE]
Price 45
520 ## - SUMMARY, ETC.
Summary, etc. Describes the practicalities of marketing, designing and installing photovoltaic systems, both grid-tied and stand-alone. Answers beginners questions as well as giving designers and installers practical specialist knowledge and advice on how to avoid mistakes. Gives a comprehensive overview of the major photovoltaic market sectors.
590 ## - LOCAL NOTE (RLIN)
Local note KA
651 #4 - SUBJECT ADDED ENTRY--GEOGRAPHIC NAME
Geographic name England and Wales
Chronological subdivision 1543-
690 ## - LOCAL SUBJECT ADDED ENTRY--TOPICAL TERM (OCLC, RLIN)
Topical term or geographic name as entry element ENVIRONMENTAL AND LAND CONSULTANCY-ENERGY-RENEWABLE ENERGY
700 1# - ADDED ENTRY--PERSONAL NAME
Personal name Durschner, Christian
700 1# - ADDED ENTRY--PERSONAL NAME
Personal name Karl-Heinz Remmers
942 ## - ADDED ENTRY ELEMENTS (KOHA)
Suppress in OPAC 0
Holdings
Withdrawn status Lost status Source of classification or shelving scheme Damaged status Not for loan Home library Current library Shelving location Date acquired Total Checkouts Full call number Barcode Date last seen Date last checked out Copy number Price effective from Koha item type
    Dewey Decimal Classification     London London Books 16/08/2007 1 696.9 FAL 30073945 06/08/2019 24/03/2009 1 06/08/2019 Book